00349nam a2200121Ia 4500008004100000020002200041041000800063082002100071100004200092245004600134260003800180300000900218230519s9999 xx 000 0 und d a978-0-7668-3629-7 aeng a174.2/BUR/DB0522 aBurkhardt Margaret & Nathaniel Alvita aEthics and Issues in Contemporary Nursing bDelmar PublisheraAustraliac2002 a439p